| 000 | 00605cam a22002052 4500 | ||
|---|---|---|---|
| 001 | 0000009207 | ||
| 005 | 20151217152051.0 | ||
| 008 | 080912s xx 000 0 eng d | ||
| 020 |
_a9966723005 : _cKES 450 |
||
| 040 |
_aKABU _cKABU |
||
| 100 | 1 |
_aOmartian, Stormie. _@0000151927 |
|
| 245 | 1 | 4 |
_aThe Power of a praying husband / _cStormie Omartian. |
| 260 |
_aNairobi : _bArba, _c2001. |
||
| 300 | _a221 p. | ||
| 650 | 0 |
_aPrayer _xChristianity. _@0000149197 |
|
| 650 | 0 |
_aHusbands _xReligious life. _@0000160300 |
|
| 908 | _a080912 | ||
| 950 | _@1 | ||
| 999 |
_c7828 _d7828 |
||